[Event "Hainaut-ch"]
[Site "Manage"]
[Date "2008.08.23"]
[Round "9.6"]
[White "Fostiez, Pascal"]
[Black "Piacentini, Claudio"]
[Result "0-1"]
[WhiteElo "1848"]
[BlackElo "2131"]
[PlyCount "80"]
[EventDate "2008.08.23"]
[EventType "swiss"]
[EventRounds "9"]
[EventCountry "BEL"]
[SourceTitle "EXT 2024"]
[Source "ChessBase"]
[SourceDate "2023.10.10"]
[SourceVersion "1"]
[SourceVersionDate "2023.10.10"]
[SourceQuality "1"]

1. d4 Nf6 2. c4 c5 3. d5 e6 4. Nc3 exd5 5. cxd5 d6 6. e4 g6 7. Nf3 Bg7 8. Bd3 0-0 9. 0-0 a6 10. Bf4 b5 11. Re1 Re8 12. h3 Bb7 13. Rc1 Qb6 14. b3 Nbd7 15. a4 b4 16. Nb1 a5 17. Nbd2 Ba6 18. Qe2 Nxd5 19. Bg3 Nc3 20. Qf1 Bxd3 21. Qxd3 Ne5 22. Nxe5 dxe5 23. Nc4 Qc7 24. f3 Rad8 25. Qe3 h5 26. Bf2 Kh7 27. Rxc3 bxc3 28. Qxc3 f6 29. Nxa5 Rd7 30. Nc4 Red8 31. a5 Rd3 32. Qc2 Qc6 33. Rb1 Qb5 34. Be1 Bh6 35. Kh1 Bf4 36. Kg1 g5 37. Kh1 g4 38. g3 Bh6 39. hxg4 hxg4 40. fxg4 Qb7 0-1